• 首页
  • 本馆介绍
  • 公告通知
  • 最新文献
  • 馆藏检索
  • 电子资源
  • 读者导购
  • 参考咨询
  • 我的图书馆
  • 登录
  • 详细信息显示
  • 放入我的书架
  • 预约/预借图书
  • 作者相关作品
  • 分类相关作品
  • 丛书相关作品
  • 出版社相关作品

书目信息

  • 表格格式
  • 工作单格式
  • 卡片格式
题名:
基于BIM的Revit建筑与结构设计实践一本通
    
 
作者: 李福清 , 万书斌 , 于海青 编著
分册:  
出版信息: 北京   电子工业出版社  2019
页数: 336页
开本: 26cm
丛书名:
单 册:
中图分类: TU201.4 , TU318
科图分类:
主题词: 建筑设计--jian zhu she ji--计算机辅助设计--应用软件 , 建筑设计--jian zhu she ji--结构设计--计算机辅助设计--应用软件
电子资源:
ISBN: 978-7-121-35385-7
000 01570nam0 2200313 450
001 012001003680
005 20131105103237.0
010    @a978-7-121-35385-7@dCNY89.00 (含光盘)
010    @a978-7-89394-402-4
099    @aCAL 012019021850
100    @a20190228d2019 ekmy0chiy50 ea
101 0  @achi
102    @aCN@b110000
105    @aa z 000yy
106    @ar
200 1  @a基于BIM的Revit建筑与结构设计实践一本通@Aji yu BIM de Revit jian zhu yu jie gou she ji shi jian yi ben tong@f李福清, 万书斌, 于海青编著
210    @a北京@c电子工业出版社@d2019
215    @a336页@c图@d26cm@e光盘1片
330    @a本书共16章,分为3篇。第1篇为结构设计,主要介绍桩基、承台、地下室、地上主体和屋顶的结构设计;第2篇为建筑设计,主要介绍地面、外墙、内墙、楼面、门窗、檐口和幕墙的建筑设计以及最终的布局出图;第3篇为机电设计,主要介绍暖通民用建筑多层及高层的暖通系统设计、给排水系统设计和电气系统设计及出图等。本书完全按照建筑物施工的过程,从结构设计到建筑设计的顺序来讲解建模、绘图及出图的全过程。书中重点介绍了“族”的建立、插入、修改和统计的过程以及族与各种类型的建筑构件之间的对应关系。
333    @a高等院校、职业技术院校建筑和土木等专业师生、以及广大从事Revit工作的工程技术人员
606 0  @a建筑设计@Ajian zhu she ji@x计算机辅助设计@x应用软件
606 0  @a建筑设计@Ajian zhu she ji@x结构设计@x计算机辅助设计@x应用软件
690    @aTU201.4@v5
690    @aTU318@v5
701  0 @a李福清@Ali fu qing@4编著
701  0 @a万书斌@Awan shu bin@4编著
701  0 @a于海青@Ayu hai qing@4编著
801  0 @aCN@b上海新华@c20191020
905    @b1206242-5@dTU201.4@e1615@f4
    
    基于BIM的Revit建筑与结构设计实践一本通/李福清, 万书斌, 于海青编著.-北京:电子工业出版社,2019
    336页:图;26cm+光盘1片
    使用对象:高等院校、职业技术院校建筑和土木等专业师生、以及广大从事Revit工作的工程技术人员
    
    ISBN 978-7-121-35385-7:CNY89.00 (含光盘)
    本书共16章,分为3篇。第1篇为结构设计,主要介绍桩基、承台、地下室、地上主体和屋顶的结构设计;第2篇为建筑设计,主要介绍地面、外墙、内墙、楼面、门窗、檐口和幕墙的建筑设计以及最终的布局出图;第3篇为机电设计,主要介绍暖通民用建筑多层及高层的暖通系统设计、给排水系统设计和电气系统设计及出图等。本书完全按照建筑物施工的过程,从结构设计到建筑设计的顺序来讲解建模、绘图及出图的全过程。书中重点介绍了“族”的建立、插入、修改和统计的过程以及族与各种类型的建筑构件之间的对应关系。
●
相关链接 在E读中查询图书 在五车中查询图书 在当当中查询图书 在豆瓣中查询图书


正题名:基于BIM的Revit建筑与结构设计实践一本通     索取号:TU201.4/1615         预约/预借

序号 登录号 条形码 馆藏地/架位号 状态 备注
1 1206242   212062426   第二样本阅览室/ [索取号:TU201.4/1615] 在馆    
2 1206243   212062435   第三借阅区/ [索取号:TU201.4/1615] 在馆    
3 1206244   212062444   第三借阅区/ [索取号:TU201.4/1615] 在馆    
4 1206245   212062453   第三借阅区/ [索取号:TU201.4/1615] 在馆    
唐山师范学院图书馆 欢迎您!
大连网信软件有限公司© 版权所有